Governance Social Justice & Development (Record no. 176295)

MARC details
000 -LEADER
fixed length control field 00379nam a22001697a 4500
005 - DATE AND TIME OF LATEST TRANSACTION
control field 20251003150117.0
020 ## - INTERNATIONAL STANDARD BOOK NUMBER
ISBN 978-93-6468-189-6
041 ## - LANGUAGE CODE
Language code of text/sound track or separate title English
082 ## - DEWEY DECIMAL CLASSIFICATION NUMBER
Classification number 001 R25 DHA
100 ## - MAIN ENTRY--AUTHOR NAME
Personal name Dhawan Nitesh
245 ## - TITLE STATEMENT
Title Governance Social Justice & Development
250 ## - EDITION STATEMENT
Edition statement 1
260 ## - PUBLICATION, DISTRIBUTION, ETC. (IMPRINT)
Place of publication New Delhi
Name of publisher S.Chand
Year of publication 2025
300 ## - PHYSICAL DESCRIPTION
Number of Pages 200
365 ## - TRADE PRICE
Price amount 399.00
942 ## - ADDED ENTRY ELEMENTS (KOHA)
Koha item type Books
Holdings
Withdrawn status Lost status Home library Current library Shelving location Date acquired Cost, normal purchase price Full call number Accession Number Cost, replacement price Department Koha item type
    PSG-CAS LIBRARY PSG-CAS LIBRARY Compitive Exam Study Centre 03/10/2025 399.00 001 R25 DHA 152198 399.00 Competitive Exams Books

Contact Us:

PSGCAS LIBRARY
Phone: 04224303300
Website: http://www.psgcas.ac.in/ | Email: psgcaslib@gmail.com


You are Visitor Number

web counter